000 00924nam a2200205 4500
008 170105b xxu||||| |||| 00| 0 eng d
020 _a0-553-80163-5
082 _22001
_aDC 305.260973
_bSn6a
100 _918394
_aSnowdon, David, Ph. D
245 _aAging with grace : what the nun study teaches us about leading longer, healthier, and more meaningful lives/
_cSnowdon, David, Ph. D
260 _aNew York :
_bBantam Books,
_c[2001].
300 _a242 pages :
_billustrations ;
_c24 cm.
500 _aIncludes bibliographical references and index.
520 _aSnowden discusses the findings from the first 15 years of studying a population of 678 nuns.
650 0 _918395
_aOlder people -- United States -- Longitudinal studies
650 0 _918396
_aAging -- United States -- Longitudinal studies
650 0 _918397
_aAlzheimer's disease -- Prevention
650 0 _918398
_aAged -- United States
942 _2ddc
_cDC
999 _c6068
_d6068